[Event "Peristeri op"]
[Site "Peristeri"]
[Date "2015.01.06"]
[Round "5"]
[White "Nikolaidis, Ioannis"]
[Black "Sismanis, Aggelos"]
[Result "1-0"]
[WhiteElo "2552"]
[BlackElo "2267"]
[PlyCount "69"]
[EventDate "2015.01.02"]
[EventType "swiss"]
[EventRounds "7"]
[EventCountry "GRE"]
[SourceTitle "EXT 2016"]
[Source "ChessBase"]
[SourceDate "2015.10.08"]
[SourceVersion "1"]
[SourceVersionDate "2015.10.08"]
[SourceQuality "1"]

1. c4 Nf6 2. Nc3 d5 3. cxd5 Nxd5 4. Nf3 g6 5. Qb3 Nb6 6. d4 Bg7 7. Bg5 Be6 8. Qc2 Nc6 9. e3 0-0 10. Rd1 Nb4 11. Qb1 c6 12. Be2 a5 13. 0-0 a4 14. e4 Ra5 15. Bd2 Nc4 16. Bc1 b5 17. a3 Na6 18. Ng5 Bd7 19. Bxc4 bxc4 20. Qc2 e5 21. dxe5 Bxe5 22. Nxa4 Qc7 23. f4 Qa7+ 24. Kh1 Bg7 25. Bd2 Rb5 26. Bc3 Bg4 27. Nf3 Qe3 28. Bxg7 Kxg7 29. h3 Bc8 30. Ne5 f5 31. Nxc4 Qxe4 32. Qc3+ Kh6 33. Rde1 Qd5 34. Re7 Rg8 35. Qf6 1-0

[Event "Peristeri op"]
[Site "Peristeri"]
[Date "2015.01.05"]
[Round "4"]
[White "Sismanis, Aggelos"]
[Black "Girvalakis, Spyridon"]
[Result "1-0"]
[WhiteElo "2267"]
[BlackElo "1959"]
[PlyCount "137"]
[EventDate "2015.01.02"]
[EventType "swiss"]
[EventRounds "7"]
[EventCountry "GRE"]
[SourceTitle "EXT 2016"]
[Source "ChessBase"]
[SourceDate "2015.10.08"]
[SourceVersion "1"]
[SourceVersionDate "2015.10.08"]
[SourceQuality "1"]

1. d4 d5 2. c4 e6 3. Nc3 Nf6 4. cxd5 exd5 5. Bg5 Nbd7 6. e3 c6 7. Bd3 Qb6 8. Qc2 Bd6 9. Nge2 Qc7 10. Bf4 a6 11. 0-0 0-0 12. b4 Bxf4 13. Nxf4 Qd6 14. Rab1 Re8 15. Rfc1 b5 16. Nce2 Bb7 17. Ng3 Nb6 18. Qc5 Qxc5 19. bxc5 Nc8 20. a4 g6 21. Re1 Ne7 22. f3 Red8 23. Nf1 Bc8 24. g4 h6 25. h4 Kg7 26. Kg2 Bd7 27. Rb2 Rdb8 28. Reb1 Ra7 29. Nd2 Bc8 30. Ra2 Raa8 31. Nb3 g5 32. hxg5 hxg5 33. Nh3 Kh6 34. Na5 bxa4 35. Rh1 a3 36. Kg3 Kg7 37. Nxg5 Rb2 38. Rxb2 axb2 39. Rb1 Rb8 40. Bc2 Rb5 41. Nb3 a5 42. Nd2 Rb4 43. Nh3 Ba6 44. Nf2 a4 45. Bxa4 Rxa4 46. Rxb2 Bb5 47. Nd1 Ra3 48. Nb1 Ra8 49. Nbc3 Bc4 50. Rb7 Kf8 51. Kf4 Ke8 52. e4 dxe4 53. fxe4 Nd7 54. Ne3 Ba6 55. Rb1 Rb8 56. Rxb8+ Nxb8 57. Ke5 Nd7+ 58. Kd6 Kd8 59. Nf5 Nxf5+ 60. gxf5 Nb8 61. d5 Bb5 62. e5 Na6 63. f6 Nc7 64. Nxb5 cxb5 65. e6 Ne8+ 66. Ke5 Nxf6 67. Kxf6 fxe6 68. dxe6 Ke8 69. c6 1-0

[Event "Nikaia op 18th"]
[Site "Nikaia"]
[Date "2010.08.23"]
[Round "5"]
[White "Sismanis, Aggelos"]
[Black "Paganoglou, Anastasia"]
[Result "1-0"]
[WhiteElo "2226"]
[BlackElo "1974"]
[PlyCount "61"]
[EventDate "2010.08.20"]
[EventType "swiss"]
[EventRounds "9"]
[EventCountry "GRE"]
[SourceTitle "CBM 138 Extra"]
[Source "ChessBase"]
[SourceDate "2010.10.29"]
[SourceVersion "1"]
[SourceVersionDate "2010.10.29"]
[SourceQuality "1"]

1. d4 Nf6 2. c4 e6 3. Nc3 Bb4 4. Nf3 0-0 5. Bg5 d5 6. cxd5 exd5 7. e3 Nbd7 8. Bd3 c5 9. 0-0 Qa5 10. Qc2 Bxc3 11. bxc3 c4 12. Bf5 g6 13. Bxd7 Nxd7 14. e4 f6 15. Bh6 Re8 16. Rfe1 Nb6 17. e5 Bf5 18. Qd2 Nd7 19. Nh4 Be4 20. f3 Bd3 21. e6 Nf8 22. Qf4 Qd8 23. Bxf8 Kxf8 24. e7+ Rxe7 25. Qxf6+ Ke8 26. Rxe7+ Qxe7 27. Qh8+ Qf8 28. Qxh7 Qf7 29. Qh8+ Qf8 30. Re1+ Kd7 31. Qh7+ 1-0

[Event "Nikaia op 18th"]
[Site "Nikaia"]
[Date "2010.08.21"]
[Round "3"]
[White "Sismanis, Aggelos"]
[Black "Papadopoulos, Georgios1111"]
[Result "1-0"]
[WhiteElo "2226"]
[BlackElo "2069"]
[PlyCount "75"]
[EventDate "2010.08.20"]
[EventType "swiss"]
[EventRounds "9"]
[EventCountry "GRE"]
[SourceTitle "CBM 138 Extra"]
[Source "ChessBase"]
[SourceDate "2010.10.29"]
[SourceVersion "1"]
[SourceVersionDate "2010.10.29"]
[SourceQuality "1"]

1. d4 Nf6 2. c4 g6 3. Nc3 Bg7 4. e4 d6 5. f3 0-0 6. Be3 c5 7. Nge2 Nc6 8. Qd2 Qa5 9. d5 Ne5 10. Ng3 a6 11. Be2 b5 12. cxb5 axb5 13. Nxb5 Qxd2+ 14. Bxd2 Ne8 15. 0-0 f5 16. exf5 gxf5 17. Nh5 Bh8 18. Nf4 Ng6 19. Nxg6 hxg6 20. Bc3 Nf6 21. Bc4 Bd7 22. Rfe1 Kf7 23. a4 Rab8 24. Rad1 Ra8 25. b3 Nh5 26. Bxh8 Rxh8 27. Rd2 Bxb5 28. Bxb5 Ng7 29. Rb2 Rhd8 30. b4 cxb4 31. Rxb4 e5 32. Bc6 Ra5 33. Rb7+ Kf6 34. Reb1 e4 35. fxe4 fxe4 36. Re1 Nf5 37. Rxe4 Rf8 38. h4 1-0

[Event "Nikaia op 17th"]
[Site "Nikaia"]
[Date "2009.08.28"]
[Round "8"]
[White "Sismanis, Aggelos"]
[Black "Trajkovic, Predrag"]
[Result "1/2-1/2"]
[WhiteElo "2194"]
[BlackElo "2481"]
[PlyCount "57"]
[EventDate "2009.08.22"]
[EventType "swiss"]
[EventRounds "9"]
[EventCountry "GRE"]
[SourceTitle "CBM 132 Extra"]
[Source "ChessBase"]
[SourceDate "2009.11.03"]
[SourceVersion "1"]
[SourceVersionDate "2009.11.03"]
[SourceQuality "1"]

1. d4 d5 2. c4 e6 3. Nc3 Nf6 4. cxd5 exd5 5. Bg5 c6 6. Qc2 Be7 7. e3 Nbd7 8. Bd3 0-0 9. Nge2 Re8 10. 0-0 Nf8 11. f3 Ng6 12. Rad1 Nh5 13. Bxe7 Qxe7 14. e4 Qg5 15. Kh1 Nhf4 16. Nxf4 Nxf4 17. Qd2 h6 18. Bc2 Bd7 19. g3 Nh5 20. f4 Qg4 21. e5 g6 22. Rde1 Qh3 23. Kg1 Ng7 24. Nd1 Qe6 25. Ne3 f5 26. g4 Qf7 27. gxf5 Bxf5 28. Bxf5 gxf5 29. Qd3 1/2-1/2

[Event "Rethymno op 1st"]
[Site "Rethymno"]
[Date "2009.07.15"]
[Round "5"]
[White "Turov, Maxim"]
[Black "Sismanis, Aggelos"]
[Result "1-0"]
[WhiteElo "2561"]
[BlackElo "2194"]
[PlyCount "83"]
[EventDate "2009.07.12"]
[EventType "swiss"]
[EventRounds "9"]
[EventCountry "GRE"]
[SourceTitle "CBM 131 Extra"]
[Source "ChessBase"]
[SourceDate "2009.09.03"]
[SourceVersion "2"]
[SourceVersionDate "2009.09.16"]
[SourceQuality "1"]

1. d4 d5 2. c4 c6 3. Nc3 Nf6 4. e3 e6 5. Nf3 Nbd7 6. Qc2 Bd6 7. g4 h6 8. Bd2 Qe7 9. Rg1 dxc4 10. Bxc4 b5 11. Bd3 Bb7 12. e4 b4 13. Na4 c5 14. dxc5 Nxc5 15. e5 Bxf3 16. exd6 Nxd3+ 17. Qxd3 Qb7 18. Nc5 Qd5 19. Qxd5 Bxd5 20. Bxb4 Rc8 21. Rg3 a5 22. Ba3 Rc6 23. Nb3 a4 24. Nc5 0-0 25. Nxa4 Ne4 26. Rd3 Rd8 27. Nc3 Nxc3 28. Rxc3 Rxc3 29. bxc3 Kf8 30. Bb4 Ke8 31. a4 Bf3 32. Kd2 Kd7 33. Ke3 Bd5 34. a5 e5 35. a6 Ke6 36. a7 Ra8 37. Ra6 Kd7 38. Ra5 Ke6 39. Bc5 Bc4 40. Ra4 Kd5 41. Bb6 Bb3 42. Rb4 1-0

[Event "GRE-chT 37th"]
[Site "Kallithea"]
[Date "2009.07.05"]
[Round "5"]
[White "Papadogiannis, Sevastianos"]
[Black "Sismanis, Aggelos"]
[Result "0-1"]
[WhiteElo "1937"]
[BlackElo "2194"]
[PlyCount "58"]
[EventDate "2009.07.03"]
[EventType "team-tourn"]
[EventRounds "9"]
[EventCountry "GRE"]
[SourceTitle "CBM 131 Extra"]
[Source "ChessBase"]
[SourceDate "2009.09.03"]
[SourceVersion "2"]
[SourceVersionDate "2009.09.16"]
[SourceQuality "1"]

1. e4 Nf6 2. Nc3 d5 3. e5 Ne4 4. Nxe4 dxe4 5. d4 exd3 6. Bxd3 Nc6 7. Bf4 Qd4 8. Ne2 Qxb2 9. e6 Qf6 10. exf7+ Qxf7 11. 0-0 e5 12. Bg3 Bc5 13. Be4 0-0 14. Qd3 h6 15. Rab1 Bb6 16. Bxc6 bxc6 17. Bxe5 Be6 18. Rb4 Rad8 19. Qf3 Qxf3 20. gxf3 Bh3 21. Re1 Ba5 22. Rbb1 Bxe1 23. Rxe1 Rxf3 24. Nd4 Ra3 25. Nxc6 Re8 26. f4 Rxa2 27. Re3 Bd7 28. Nb4 Rb2 29. Rb3 Rxe5 0-1

[Event "GRE-chT 36th"]
[Site "Kallithea"]
[Date "2008.07.10"]
[Round "7.6"]
[White "Papargiriou, Anastasios"]
[Black "Sismanis, Aggelos"]
[Result "1-0"]
[WhiteElo "2071"]
[BlackElo "2191"]
[PlyCount "49"]
[EventDate "2008.07.06"]
[EventType "team-tourn"]
[EventRounds "7"]
[EventCountry "GRE"]
[SourceTitle "CBM 125 Extra"]
[Source "ChessBase"]
[SourceDate "2008.09.01"]
[SourceVersion "1"]
[SourceVersionDate "2008.09.01"]
[SourceQuality "1"]
[WhiteTeam "Koropiou"]
[BlackTeam "Korydallos"]
[WhiteTeamCountry "GRE"]
[BlackTeamCountry "GRE"]

1. e4 c5 2. Nc3 a6 3. g3 b5 4. Bg2 Bb7 5. f4 e6 6. Qe2 Nc6 7. Nf3 d6 8. d3 Be7 9. 0-0 b4 10. Nd1 Nf6 11. c3 0-0 12. e5 dxe5 13. Nxe5 Qc7 14. Nf2 Nd5 15. Bd2 Rad8 16. Rae1 Qb6 17. Kh1 a5 18. Ne4 a4 19. Qh5 Nf6 20. Nxf6+ Bxf6 21. Ng4 Be7 22. f5 exf5 23. Qxf5 Kh8 24. Nh6 gxh6 25. Be4 1-0

[Event "GRE-chT 36th"]
[Site "Kallithea"]
[Date "2008.07.09"]
[Round "6.7"]
[White "Sismanis, Aggelos"]
[Black "Pappas, Stergios"]
[Result "1-0"]
[WhiteElo "2191"]
[BlackElo "1914"]
[PlyCount "65"]
[EventDate "2008.07.06"]
[EventType "team-tourn"]
[EventRounds "7"]
[EventCountry "GRE"]
[SourceTitle "CBM 125 Extra"]
[Source "ChessBase"]
[SourceDate "2008.09.01"]
[SourceVersion "1"]
[SourceVersionDate "2008.09.01"]
[SourceQuality "1"]
[WhiteTeam "Korydallos"]
[BlackTeam "Kallithea"]
[WhiteTeamCountry "GRE"]
[BlackTeamCountry "GRE"]

1. d4 d5 2. Nf3 e6 3. g3 Nf6 4. Bg2 c5 5. 0-0 Nc6 6. c4 dxc4 7. Qa4 Be7 8. Ne5 0-0 9. Nxc6 bxc6 10. dxc5 Qd4 11. Rd1 Qxc5 12. Be3 Qb4 13. Qxb4 Bxb4 14. Bxc6 Ba6 15. Bxa8 Rxa8 16. Nc3 Bb7 17. Bd4 a6 18. f3 Kf8 19. Na4 Nd5 20. Nb6 Nxb6 21. Bxb6 Ke7 22. Rd4 Rc8 23. Rad1 Ba8 24. a3 Bc5 25. Bxc5+ Rxc5 26. Rc1 Rb5 27. Rc2 Bd5 28. e4 Bc6 29. Rcxc4 Rb6 30. Rb4 Rxb4 31. Rxb4 Bb5 32. Kf2 Kd6 33. a4 1-0

[Event "GRE-chT 36th"]
[Site "Kallithea"]
[Date "2008.07.07"]
[Round "3.7"]
[White "Sismanis, Aggelos"]
[Black "Nikomanis, Andreas"]
[Result "1-0"]
[WhiteElo "2191"]
[BlackElo "1984"]
[PlyCount "89"]
[EventDate "2008.07.06"]
[EventType "team-tourn"]
[EventRounds "7"]
[EventCountry "GRE"]
[SourceTitle "CBM 125 Extra"]
[Source "ChessBase"]
[SourceDate "2008.09.01"]
[SourceVersion "1"]
[SourceVersionDate "2008.09.01"]
[SourceQuality "1"]
[WhiteTeam "Korydallos"]
[BlackTeam "Peristeriou"]
[WhiteTeamCountry "GRE"]
[BlackTeamCountry "GRE"]

1. d4 Nf6 2. c4 g6 3. Nc3 Bg7 4. e4 d6 5. f3 0-0 6. Be3 e5 7. d5 c6 8. Bd3 Nbd7 9. Nge2 Nh5 10. 0-0 cxd5 11. cxd5 f5 12. exf5 gxf5 13. b4 Qh4 14. Qe1 Qe7 15. Rc1 Nb6 16. a4 Qf7 17. a5 Nd7 18. Nb5 e4 19. fxe4 Ne5 20. Bb1 Qg6 21. Rxc8 Raxc8 22. exf5 Qf6 23. Ng3 Nxg3 24. Qxg3 Rc4 25. Bg5 Qf7 26. Nxd6 Qxd5 27. Nxc4 Nxc4 28. Bh6 Qd4+ 29. Kh1 Kh8 30. Qxg7+ Qxg7 31. Bxg7+ Kxg7 32. Bd3 Ne3 33. Rf3 Re8 34. f6+ Kf7 35. h3 h6 36. Kh2 Re5 37. Bg6+ Kf8 38. g4 Nd5 39. h4 Re6 40. g5 hxg5 41. hxg5 Re5 42. Rh3 Re2+ 43. Kg1 Re1+ 44. Kg2 Re2+ 45. Kf1 1-0

[Event "Athens op"]
[Site "Athens"]
[Date "2008.06.19"]
[Round "6"]
[White "Sismanis, Aggelos"]
[Black "Homatidis, Panagiotis"]
[Result "1/2-1/2"]
[WhiteElo "2191"]
[BlackElo "2071"]
[PlyCount "62"]
[EventDate "2008.06.14"]
[EventType "swiss"]
[EventRounds "9"]
[EventCountry "GRE"]
[SourceTitle "CBM 125 Extra"]
[Source "ChessBase"]
[SourceDate "2008.09.01"]
[SourceVersion "1"]
[SourceVersionDate "2008.09.01"]
[SourceQuality "1"]

1. d4 Nf6 2. c4 e6 3. Nf3 b6 4. g3 Ba6 5. b3 Bb4+ 6. Bd2 Be7 7. Bg2 c6 8. Nc3 d5 9. 0-0 0-0 10. Bf4 Nh5 11. Bc1 Nd7 12. Bb2 Rc8 13. Nd2 Nhf6 14. e4 dxe4 15. Ndxe4 Nxe4 16. Nxe4 Nf6 17. Qc2 Qc7 18. Rfe1 Bb7 19. Rad1 Nxe4 20. Bxe4 h6 21. c5 Bf6 22. Bc1 bxc5 23. dxc5 Rcd8 24. Bf4 e5 25. Bd2 Bc8 26. Bc3 Bg4 27. Rd3 Be6 28. Red1 Rxd3 29. Rxd3 Be7 30. Qb2 f6 31. b4 Qb7 1/2-1/2

[Event "Athens op"]
[Site "Athens"]
[Date "2008.06.15"]
[Round "2"]
[White "Savoglou, Nikolaos"]
[Black "Sismanis, Aggelos"]
[Result "0-1"]
[WhiteElo "2023"]
[BlackElo "2191"]
[PlyCount "54"]
[EventDate "2008.06.14"]
[EventType "swiss"]
[EventRounds "9"]
[EventCountry "GRE"]
[SourceTitle "CBM 125 Extra"]
[Source "ChessBase"]
[SourceDate "2008.09.01"]
[SourceVersion "1"]
[SourceVersionDate "2008.09.01"]
[SourceQuality "1"]

1. d4 Nf6 2. c4 g6 3. Nc3 d5 4. Nf3 Bg7 5. Qb3 dxc4 6. Qxc4 a6 7. Bf4 c6 8. e3 Be6 9. Qd3 b5 10. b3 Qa5 11. Qd2 Bxb3 12. Bxb8 Rxb8 13. Nxb5 Qxd2+ 14. Nxd2 axb5 15. axb3 0-0 16. Be2 c5 17. Nf3 Ne4 18. Rc1 cxd4 19. Nxd4 Bxd4 20. exd4 Rfc8 21. Rxc8+ Rxc8 22. 0-0 b4 23. Bc4 Nd2 24. Rc1 Rxc4 25. bxc4 b3 26. c5 b2 27. Re1 Kf8 0-1

[Event "Nikaia op 15th"]
[Site "Nikaia"]
[Date "2007.08.26"]
[Round "5"]
[White "Sismanis, Aggelos"]
[Black "Dobrev, Nanko"]
[Result "0-1"]
[WhiteElo "2183"]
[BlackElo "2469"]
[PlyCount "74"]
[EventDate "2007.08.23"]
[EventType "swiss"]
[EventRounds "9"]
[EventCountry "GRE"]
[SourceTitle "CBM 120 Extra"]
[Source "ChessBase"]
[SourceDate "2007.11.01"]
[SourceVersion "1"]
[SourceVersionDate "2007.11.01"]
[SourceQuality "1"]

1. d4 Nf6 2. c4 e6 3. Nf3 Bb4+ 4. Nbd2 b6 5. a3 Bxd2+ 6. Bxd2 h6 7. g3 Bb7 8. Bg2 d6 9. 0-0 Nbd7 10. b4 0-0 11. Qc2 Be4 12. Qb2 Qe7 13. Bc3 Rfe8 14. Rfd1 Rac8 15. Nd2 Bxg2 16. Kxg2 d5 17. b5 c5 18. bxc6 Rxc6 19. Bb4 Qd8 20. cxd5 exd5 21. Nf3 a5 22. Be1 Qe7 23. Kf1 Qe6 24. Rac1 Qh3+ 25. Kg1 Rce6 26. e3 Ng4 27. Qb5 Rf6 28. Qxd7 Rxf3 29. Qxe8+ Kh7 30. Rd2 Nxh2 31. Qc8 Ng4 32. Rc3 h5 33. e4 dxe4 34. Rxf3 Qh2+ 35. Kf1 Qh1+ 36. Ke2 Qxf3+ 37. Kf1 Ne3+ 0-1

[Event "GRE-ch U16"]
[Site "Chalkidiki"]
[Date "2007.06.29"]
[Round "7"]
[White "Sismanis, Aggelos"]
[Black "Georgiou, Napoleon"]
[Result "1-0"]
[WhiteElo "2184"]
[BlackElo "1784"]
[PlyCount "57"]
[EventDate "2007.06.25"]
[EventType "swiss"]
[EventRounds "9"]
[EventCountry "GRE"]
[SourceTitle "EXT 2009"]
[Source "ChessBase"]
[SourceDate "2008.11.26"]
[SourceVersion "1"]
[SourceVersionDate "2008.11.26"]
[SourceQuality "1"]

1. d4 e6 2. Nf3 Nf6 3. g3 d5 4. Bg2 c5 5. 0-0 Nc6 6. b3 Be7 7. Bb2 b6 8. c4 0-0 9. Nc3 Bb7 10. cxd5 Nxd4 11. Nxd4 cxd4 12. Qxd4 Bc5 13. Qa4 Nxd5 14. Nxd5 Bxd5 15. Qg4 g5 16. e4 f5 17. Qh3 Bb7 18. exf5 Bxg2 19. Qxg2 Rxf5 20. Rad1 Qf8 21. Rd7 Rd8 22. Rg7+ Qxg7 23. Bxg7 Kxg7 24. Qb7+ Rf7 25. Qe4 Rd2 26. Qe5+ Kf8 27. Qxg5 Rxa2 28. b4 Bxb4 29. Qd8+ 1-0

[Event "GRE-ch U16"]
[Site "Chalkidiki"]
[Date "2007.06.25"]
[Round "1"]
[White "Sismanis, Aggelos"]
[Black "Asimakopoulos, Konstantinos"]
[Result "1-0"]
[WhiteElo "2184"]
[BlackElo "1767"]
[PlyCount "87"]
[EventDate "2007.06.25"]
[EventType "swiss"]
[EventRounds "9"]
[EventCountry "GRE"]
[SourceTitle "EXT 2009"]
[Source "ChessBase"]
[SourceDate "2008.11.26"]
[SourceVersion "1"]
[SourceVersionDate "2008.11.26"]
[SourceQuality "1"]

1. d4 Nf6 2. c4 e6 3. Nf3 Bb4+ 4. Nbd2 0-0 5. e3 d5 6. a3 Bxd2+ 7. Nxd2 Nbd7 8. Be2 c5 9. cxd5 exd5 10. dxc5 Nxc5 11. b4 Ne6 12. Nb3 b6 13. Bb2 Bb7 14. 0-0 Rc8 15. Nd4 Nxd4 16. Qxd4 Re8 17. Bd3 Qd7 18. Qh4 Qe6 19. Bxf6 Qxf6 20. Bxh7+ Kf8 21. Qxf6 gxf6 22. Bf5 Rc3 23. Rfc1 Rxc1+ 24. Rxc1 Re7 25. h4 Kg7 26. b5 Kg8 27. Kh2 Kg7 28. Kg3 Kh6 29. Kf4 Kg7 30. g3 Kf8 31. Kg4 Kg7 32. Kh5 Re5 33. Kg4 Re7 34. Rc3 Kh6 35. a4 Kg7 36. f3 Kh6 37. f4 Kg7 38. Kh5 Kf8 39. Kh6 Re8 40. Rc7 Re7 41. Bd7 Rxe3 42. Rxb7 d4 43. Rxa7 d3 44. Ra8+ 1-0

[Event "GRE-ch U16"]
[Site "Athens"]
[Date "2006.12.30"]
[Round "7"]
[White "Sismanis, Aggelos"]
[Black "Rigopoulos Tsigkos, Alexandros"]
[Result "1/2-1/2"]
[WhiteElo "2152"]
[BlackElo "1835"]
[PlyCount "24"]
[EventDate "2006.12.22"]
[EventType "swiss"]
[EventRounds "7"]
[EventCountry "GRE"]
[SourceTitle "EXT 2024"]
[Source "ChessBase"]
[SourceDate "2023.10.10"]
[SourceVersion "1"]
[SourceVersionDate "2023.10.10"]
[SourceQuality "1"]

1. d4 d5 2. Nf3 Nf6 3. g3 g6 4. Bg2 Bg7 5. 0-0 0-0 6. b3 c6 7. Bb2 Nbd7 8. Nbd2 Re8 9. c4 e6 10. Qc2 Nf8 11. Rac1 Bd7 12. Ne5 Rc8 1/2-1/2

[Event "GRE-ch U16"]
[Site "Athens"]
[Date "2006.12.27"]
[Round "4"]
[White "Sismanis, Aggelos"]
[Black "Aggelis, Nikolaos"]
[Result "1/2-1/2"]
[WhiteElo "2152"]
[BlackElo "2084"]
[PlyCount "52"]
[EventDate "2006.12.22"]
[EventType "swiss"]
[EventRounds "7"]
[EventCountry "GRE"]
[SourceTitle "EXT 2024"]
[Source "ChessBase"]
[SourceDate "2023.10.10"]
[SourceVersion "1"]
[SourceVersionDate "2023.10.10"]
[SourceQuality "1"]

1. d4 Nf6 2. c4 g6 3. Nc3 d5 4. cxd5 Nxd5 5. e4 Nxc3 6. bxc3 Bg7 7. Nf3 0-0 8. Be2 c5 9. Rb1 Nc6 10. d5 Ne5 11. Nxe5 Bxe5 12. Qd2 e6 13. f4 Bc7 14. 0-0 exd5 15. exd5 Ba5 16. d6 b6 17. Bf3 Rb8 18. Ba3 Qf6 19. Bb4 Bxb4 20. cxb4 c4 21. d7 Bb7 22. Rbd1 Rfd8 23. Qe2 Bc6 24. Qxc4 Bxd7 25. Qc7 Ba4 26. Rxd8+ Rxd8 1/2-1/2

[Event "GRE-chT 35th"]
[Site "Ermioni Argolidas"]
[Date "2006.07.07"]
[Round "6"]
[White "Sismanis, Aggelos"]
[Black "Tsangaris, Spyridon"]
[Result "0-1"]
[WhiteElo "2192"]
[BlackElo "1902"]
[PlyCount "98"]
[EventDate "2006.07.03"]
[EventType "team"]
[EventRounds "9"]
[EventCountry "GRE"]
[SourceTitle "CBM 113 Extra"]
[Source "ChessBase"]
[SourceDate "2006.09.14"]
[SourceVersion "1"]
[SourceVersionDate "2006.09.14"]
[SourceQuality "1"]

1. Nf3 Nf6 2. d4 d5 3. e3 Bg4 4. b3 e6 5. Bb2 Bd6 6. Nbd2 c6 7. c4 Nbd7 8. Be2 Bc7 9. 0-0 0-0 10. Rc1 Bd6 11. h3 Bh5 12. g4 Bg6 13. Ne5 Ne4 14. Nxg6 hxg6 15. Nxe4 dxe4 16. Kg2 f5 17. f4 g5 18. c5 Bc7 19. gxf5 gxf4 20. exf4 Nf6 21. Bc4 Nd5 22. fxe6 Bxf4 23. Bxd5 Qxd5 24. e7 Rf5 25. Rc2 Re8 26. Bc1 Rg5+ 27. Kh1 Bxc1 28. Rxc1 Rxe7 29. Qe2 Re6 30. Qe3 Reg6 31. Rg1 Rxg1+ 32. Rxg1 Rf6 33. Rg4 Rf3 34. Qxe4 Rxh3+ 35. Kg2 Qh5 36. Rxg7+ Kxg7 37. Qe7+ Qf7 38. Qxf7+ Kxf7 39. Kxh3 Ke6 40. Kg3 Kd5 41. Kf3 Kxd4 42. Ke2 Kc3 43. Ke3 Kb2 44. Kd4 Kxa2 45. Kc4 Ka3 46. Kc3 a5 47. Kc4 Kb2 48. b4 a4 49. b5 a3 0-1